Les daltons personnages (dessin animé) - Statistiques

Statistiques générales
  • Ce quiz a été pris 65 fois
  • Le résultat moyen est 8 sur 16
Statistiques - réponses
Par images Réponse % Correct
joe
100%
averell
84%
jack
82%
rantanplan
80%
william
80%
lucky luke
67%
ma dalton
67%
miss betty
49%
peabody
42%
emmett
35%
vrai faucon
35%
pete
33%
gigi la girafe
24%
loup cinglé
24%
ming li foo fu
13%
madame peabody
7%
Aucun quiz correspondant
Distribution des résultats
% des personnes avec chaque résultat
Percentile par nombre de réponses
Votre historique - résultats
Vous n’avez pas pris ce quiz